000 00590nam a22001817a 4500
999 _c186829
_d186829
005 20220321104349.0
010 _aENG-132030
020 _a9789383051557
_c150.00
035 _aEN-115562
037 _bDBAD
082 _a485
100 _aRaghavan, Shrinivasan S.
245 _aCommunicative English/
_cShrinivasan S. Raghavan
260 _aChennai
_bUnique Media Integrators
_c2015
270 _aNo. 8, 6th Cross, 8th Main Road, Vaishavi Nagar, Thirumullaivoyal
_bChennai
_e600109
_mumi.infobooks@gmail.com
300 _a192p
_c21cm(pbk)
942 _2ddc
_cEN
_h485
_mRAG